| 000 | 00444nam a2200157Ia 4500 | ||
|---|---|---|---|
| 008 | 220531s9999 xx 000 0 und d | ||
| 041 | _amar | ||
| 100 |
_aकुलकर्णी पी . के. _951058 |
||
| 245 | _aप्रारंभिक समाजशास्त्र. | ||
| 260 |
_aPune _bVidya _c2006 |
||
| 300 | _a307 | ||
| 542 | _d22-03-2007 | ||
| 650 |
_aSociology _951059 |
||
| 906 | _d2006-2007 | ||
| 999 |
_c29745 _d29745 |
||